| 000 | 01233nam a22001937a 4500 | ||
|---|---|---|---|
| 999 |
_c2885 _d2885 |
||
| 003 | OSt | ||
| 005 | 20230908145308.0 | ||
| 008 | 230908b ||||| |||| 00| 0 eng d | ||
| 020 | _a9781632270405 | ||
| 040 | _cKH8 | ||
| 082 | _a800 EMM | ||
| 100 |
_aEmmett, Shane, _eauthor. |
||
| 245 |
_aThe Monkey's Paw _cShane Emmett |
||
| 260 | _c2019 | ||
| 300 | _a102 pages. | ||
| 520 | _aWhat is the price of greed? What is the cost of desire? The White family have come to possess a relic of supernatural power, a monkey's paw that grants three wishes....but at what price? How far must they journey down the path of terror to undo what they have done? Based on the short horror tale by W.W Jacobs, "The Monkey's Paw" is a story that will have you sitting on the very edge of your seat. This resource includes: -The full short screen play for "The Monkey's Paw", the gothic horror masterpiece that can be performed and filmed in the classroom. -The comic or graphic novel of "The Monkey's Paw". A great way to visually engage with the story. -The full short stage play for "The Monkey's Paw", which can be performed in the classroom and on the stage. -Teacher's notes and lesson ideas. | ||
| 650 |
_aMystery _vFiction |
||
| 942 |
_2ddc _cTR |
||